Indovina il nome del calciatore - facile - Statistics

Statistiche generali
  • Questo quiz è stato fatto 110 volte
  • Il punteggio medio è 13 su 15
Statistiche sulle risposte
Hint Risposta % Corretto
Ronaldo Cristiano
100%
Messi Lionel
98%
Ramos Sergio
98%
Buffon Gianluigi
95%
Modric Luka
92%
Pogba Paul
91%
Lewandowski Robert
91%
Benzema Karim
87%
Salah Mohamed
87%
De Bruyne Kevin
86%
Muller Thomas
86%
Suarez Luis
84%
Griezmann Antoine
78%
Hazard Eden
74%
Rodriguez James
74%
Nessun quiz corrispondente trovato
Distribuzione punteggi
Percentuale di utenti per punteggio
Percentile per numero di risposta
I tuoi punteggi nel tempo
Non hai fatto questo quiz